000 00308nam a2200133Ia 4500
100 _aBuchan & Kornigsberg
942 _cBK
654 _ainventory
245 _aScientific Inventory Management
260 _bPrentice Hall of India
_aNew Delhi
_c1977
082 _a658.7
300 _a523
546 _aENGLISH
999 _c27202
_d27202